|
|
|
|
| LEADER |
01313ppm a22003018a 4500 |
| 001 |
00036479 |
| 005 |
20171026081025.0 |
| 008 |
170303s2014 ||||||Viesd |
| 041 |
0 |
# |
|a Vie
|
| 082 |
1 |
4 |
|b V121D
|a 170
|
| 100 |
1 |
# |
|a Lê, Văn Linh
|
| 245 |
0 |
0 |
|a Vận dụng tư tưởng đạo đức Hồ Chí Minh trong giáo dục đạo đức cho thanh niên huyện Châu Thành, tỉnh Hậu Giang trong giai đoạn hiện nay
|b Luận văn thạc sĩ Khoa học Giáo dục. Chuyên ngành:LL và PPDH bộ môn Chính trị . Mã số: 60 14 01 11
|c Lê Văn Linh;Đoàn Minh Duệ(hướng dẫn)
|
| 260 |
# |
# |
|a Đồng Tháp
|b Đại học Vinh
|c 2014
|
| 300 |
# |
# |
|a 91tr.+ phụ lục
|c 30cm.
|e 1 bản tóm tắt
|
| 500 |
# |
# |
|a ĐTTS ghi: Bộ giáo dục và đào tạo. Trường Đại học Vinh
|
| 653 |
# |
# |
|a Giáo dục
|
| 653 |
# |
# |
|a Hậu Giang
|
| 653 |
# |
# |
|a Tư tưởng Hồ Chí Minh
|
| 653 |
# |
# |
|a Thanh Niên
|
| 653 |
# |
# |
|a Luận văn
|
| 700 |
1 |
# |
|a Đoàn Minh Duệ
|e Hướng dẫn
|
| 852 |
# |
# |
|j LV.0001084
|
| 852 |
# |
# |
|b Kho đọc SĐH
|j LV.0001084
|
| 910 |
|
|
|d 03/03/2017
|
| 980 |
# |
# |
|a Trung tâm Học liệu Lê Vũ Hùng, Trường Đại học Đồng Tháp
|